Quizzes
Events
Quiz Creation
Community
Videos
Private Events
Remove Ads
Sign In
Join for FREE
Feedback
Dark Mode
Quiz Categories
Sports
Geography
Music
Movies
Television
Just For Fun
Miscellaneous
History
Literature
Language
Science
Gaming
Entertainment
Religion
Holiday
For Kids
Quiz Lab
Recent
Popular Today
Quiz Kudos Today
Editor Picks
Curator Picks
Quizzes by...
Day
Popularity
Type
Ratings
Length
Year
Community
Subscriptions
Recent Discussions
Orange Saloon
Badges
Playlists
Quests
Create
Leaderboards
Showdown
Live 5
Trivia Bingo
Activity
Puzzle Library
Sporcle Events
Private Events
Virtual Trivia
Globe League
Become a Host
Pub Owners
SporcleCon
Opinionation
Our Games
Videos
Blog
Mobile Apps
Partnerships
Remove Ads and Go Orange
Feedback
Science
Computer
Plants
Astronomy
Chemistry
Elements
Math
Animal
Physics
Anatomy
Biology
Geology
General Science
Science
Computer
Plants
Astronomy
Chemistry
Elements
Math
Animal
Physics
Anatomy
Biology
Geology
General Science
Random Quiz
Search Sporcle
×
Quiz Lab
Quiz Lab
Science
Science Math
Type in answers that appear in a list
Type in answers that appear in a list
Classic
Best Score? Go Orange.
Science_A_to_Z Stats
Can you name the Science answer that begins with each letter?
By
RayM
10m
26 Questions
67 Plays
67 Plays
67 Plays
Comments
Comments
Give Quiz Kudos
Give Quiz Kudos
-
- Ratings
hide this ad
Forced Order
Answers have to be entered in order
Answers have to be entered in order
Replay
Link that replays current quiz
Next Quiz
Link to next quiz in quiz playlist
You Got
0%
They Got
Avg Score
74%
Avg Friend Score
Upgrade to see
Score Distribution
Jump to the score distribution portion of the page
Score
0/26
Timer
10:00
0
Plays Today
Hint
Answer
% Correct
A. It is defined as the smallest unit of an element
atom
94%
G. Ours is called the Milky Way
galaxy
94%
H. It is the Noble Gas listed first on the periodic table
helium
92.5%
K. Zero on this temperature scale is the lowest theoretical possible temperature.
Kelvin
92.5%
B. It is the study of plants
botany
89.6%
Z. It is the branch of biology that studies the animal kingdom.
zoology
89.6%
O. It is the process that causes water to pass the the wall of a living cell.
osmosis
86.6%
E. It is the largest bird native to Australia
emu
83.6%
N. It is 1 billionth of a second
nanosecond
83.6%
L. This acid is contained in milk with chemical formula C3 H6 O3
lactic
82.1%
P. It is defined as a positive integer greater than 1 who has 1 and itself as its only positive divisors
prime
82.1%
C. It is the metric prefix for one-
hundredth
centi
80.6%
I. A triangle with exactly 2 sides of the same length
isosceles
80.6%
Hint
Answer
% Correct
Q. They come in the up, down, bottom, top, strange and charm flavors.
quark
79.1%
U. Its circumference is approximately 159,000 km.
Uranus
77.6%
T. This element is also known as wolfram and has the highest melting point of all the elements.
tungsten
74.6%
R. It is defined as a quadrilateral with 4 sides that are the same length.
rhombus
73.1%
M. This friar is known as the father of modern genetics.
Mendel
71.6%
Y. This long haired bovid is found in the Himalayan region of Central Asia.
yak
68.7%
F. It is defined as wind blown threw the anus
flatulence
67.2%
W. Scientifically it is Force times displacement and is measured in Joules.
work
67.2%
X. Wilhelm Rontgen is credited with discovering them in 1895.
x-rays
67.2%
S. It is the large triangular bone at the base of the spine and top of the pelvis.
sacrum
44.8%
V. If you square the standard deviation of a random variable you get this quantity.
variance
41.8%
J. This form of chalcedony is one of the traditional birthstones of March.
jasper
40.3%
D. It is the isotope of hydrogen that has a proton and a neutron in its nucleus
deuterium
38.8%
Quiz Playlist
Details
Report
Send in Message
Add To Playlist
Classic:
Type in answers that appear in a list
Forced Order:
Answers have to be entered in order
Last Updated: Feb 16, 2017
Quiz Scoreboard
CHALLENGE
Sign Up to Join the Scoreboard
Show All
Scores
Hide
Comments
May contain spoilers
Recently Published
Movies - When Are They Set?
by FPL_Elf
Movies
5m
Popular People in 1961
by mucciniale
History
6m
1-10 Letter E Words III
by El_Dandy
Language
2m
More to Explore
Quiz From the Vault
Featured Blog Post
Where Did the Easter Bunny Come From?
hide this ad
You Might Also Like...
Tags
Science Math
Today's Top Quizzes in Science
Browse Science
hide this ad
Today's Top Quizzes in Science Math
Browse Science Math
Top Contributed Quizzes in Science
1
One Thing in Common: Science III
2
Quick Pick: 'CI-CJ' Animals
3
Quick Pick: Radians
4
One Thing in Common: Science
5
Sporcle Puzzle Hunt: Science
6
One Thing in Common: Science II
7
Elements In Images
8
Square Numbers Scrambled (1-50)
9
1 to 50
10
Glycolysis
Explore More
Trending Topics
Marvel
Kpop
Harry Potter
NBA
Anime
Disney
Crossword
Country
Soccer
NFL
Song
WWE
Puzzle
Pokémon
The Office
hide this ad
More By:
RayM
Quiz
Plays
Rating
Category
Featured
Created
Movies A to Z
89
3.00
Movies
Jan 21, 2014
Science_A_to_Z
67
5.00
Science
Jan 11, 2014
Go to Creator's Profile
Score Distribution
Quiz Creator Spotlight
RayM
Follow
Send a Message
Quizzes Created
-
Created Quiz Play Count
-
More By This Creator
Popular Quizzes Today
1
Find the US States - No Outlines Minefield
2
Find the Countries of Europe - No Outlines Minefield
3
The Countries of the World
4
Popular People in 1961
5
1-10 Letter E Words III
6
US States
7
Find the US States
8
One Thing in Common: World Cities II
More Science Quizzes
Double Planets
Published
Trending Quizzes
Risky Map Clicking: Least Populous States A-Z
1-10 Letter F Words
1-10 Letter G Words
One Thing in Common: United Kingdom
Risky Map Clicking: Next State Alphabetically
Recently Updated
Leaping Animals
pecheneg
Reality TV Shows (A-Z)
bhenderson79
Rickey Henderson's Hall of Fame Teammates
pecheneg
Champions League XIs: Arsenal
pecheneg
Quick Pick: Celebrities in WWE's Hall of Fame
aduchscher
A-Z Keypad Blitz II
pecheneg
Multiple Oscar Actors
pecheneg
Mystery Phrase Blitz: Oscar 'Best Actors'
pecheneg
F. Scott Fitzgerald Novels
LTH
Pick 3 Villains
ddd62291
Trending Topics
Disney
Kpop
Marvel
Crossword
Anime
Harry Potter
NBA
The Office
Puzzle
Soccer
NFL
Song
Pokémon
Country
WWE
Your Account Isn't Verified!
In order to create a playlist on Sporcle, you need to verify the email address you used during registration. Go to your
Sporcle Settings
to finish the process.
Report this User
Report this user for behavior that violates our
Community Guidelines
.
Details:
Send Report
Go to the Sporcle.com Mobile Site →
Comments